Los Judíos: fe y destino
Сохранить в:
| Главный автор: | |
|---|---|
| Формат: | |
| Язык: | испанский |
| Опубликовано: |
Andorra la Vieja
Casal i Vall
1962
|
| Редактирование: | 1a. ed |
| Серии: | Yo Sé-Yo Creo. Enciclopedia del Católico en el Siglo XX, 134
|
| Предметы: | |
| Метки: |
Добавить метку
Нет меток, Требуется 1-ая метка записи!
|
MARC
| LEADER | 00000cam a2200000 a 4500 | ||
|---|---|---|---|
| 001 | UCE1349 | ||
| 003 | CL-VaPUC | ||
| 008 | 140407e19620000an |||||||||||||||||spa|d | ||
| 082 | 0 | 4 | |a 296 |b DEM |2 21 |
| 100 | 0 | |a Démann, Paul |e author |9 573658 | |
| 245 | 1 | 4 | |a Los Judíos: fe y destino |
| 250 | |a 1a. ed | ||
| 300 | |a 131 p | ||
| 942 | |c BK | ||
| 945 | |d 20140407 11:30:00 |a dcastane | ||
| 260 | |a Andorra la Vieja |b Casal i Vall |c 1962 | ||
| 650 | 0 | |a Historia religiosa |9 314583 | |
| 650 | 0 | |a Creencias religiosas |9 373391 | |
| 650 | 0 | |a Judaísmo |9 269348 | |
| 650 | 0 | |a Textos sagrados |9 257605 | |
| 650 | 0 | |a Teología |9 258766 | |
| 583 | |a last modification |c 20140407 11:30:00 |k Rodrigo Vera | ||
| 490 | 0 | |a Yo Sé-Yo Creo. Enciclopedia del Católico en el Siglo XX, 134 | |
| 999 | |c 355148 |d 355146 | ||
| 952 | |0 0 |1 0 |3 erb |4 0 |6 296_000000000000000_DEM_1962 |7 0 |8 A |9 461536 |a BIBTEO |b BIBTEO |i 5050510 |o 296 DEM 1962 |p 5050510 |r 2025-01-17 |w 2019-11-23 |y BK |z Catalogado en:20140407 |k ICR | ||